02003nam a2200385 a 450000100080000000500110000800800410001902200140006010000210007424502490009526002180034430000140056249000500057652005690062665000270119565000170122265000150123965000270125465000170128165000220129865300290132065300180134965300200136765300190138765300190140665300160142565300240144170000220146570000170148770000220150470000310152670000170155770000220157470000210159615068862026-04-27 2000 bl uuuu u00u1 u #d a1517-31351 aAMARAL, E. F. do aAvaliação do efeito da adubação fosfatada na distribuição do sistema radicular da ingá-de-macaco (Inga coreacea), ingá-mirim (Inga fogifolia) e ingá-de-metro (Inga edulis) cultivadas em aléias no estado do Acre.h[electronic resource] aIn: CONGRESSO BRASILEIRO DE SISTEMAS AGROFLORESTAIS, 3., 2000, Manaus. Sistemas agroflorestais: manejando a biodiversidade e compondo a paisagem rural: resumos expandidos. Manaus: Embrapa Amazônia Ocidentalc2000 ap. 45-47. a(Embrapa Amazônia Ocidental. Documentos, 7). aEntender o crescimento de espécies vegetais, no que se refere a sua resposta a adubação, é fornecer subsídios para o manejo sustentável da cultura a ser introduzida. Os estudos de distribuição radicular em sistemas agroflorestais ou em ocorrência nativa; são de extrema importância para o manejo das culturas. O presente estudo objetiva avaliar o efeito da adubação fosfatada na distribuição do sistema radicular da ingá-de-macaco (Inga coreacea), ingá-mirim (Inga fogifolia) e ingá-de-metro (Inga edulis) cultivadas em aléias no estado do Acre. aPhosphorus fertilizers aRoot systems aAdubação aFertilizante Fosfatado aIngá Edulis aSistema Radicular aFertilizantes fosforados aInga coreacea aIngá de macaco aIngá de metro aInga fogifolia aIngá mirim aSistemas de raíces1 aLIMA, M. V. de O.1 aLUDEWIGS, T.1 aANDRADE, A. do C.1 aMENESES FILHO, L. C. de L.1 aRECCO, R. D.1 aMELO, A. W. F. de1 aAMARAL, E. F. do